ايها العقل .. من رآك/ (Record no. 6841)
[ view plain ]
| 000 -الفاتح | |
|---|---|
| حقل البيانات ثابتة الطول | 00801nac a22002051u 4500 |
| 008 - عناصر البيانات ثابتة الطول - معلومات عامة | |
| حقل البيانات ثابتة الطول | 100719t sy|||||r|||| 000 0 ara d |
| 082 ## - رقم تصنيف ديوى العشرى | |
| رقم المادة | ق ص ي |
| رقم التصنيف | 100 |
| رقم الطبعة | 22 |
| 100 ## - المدخل الرئيسى - إسم شخصى | |
| الإسم الشخصى | القصيمي، عبدالله |
| 9 (RLIN) | 16398 |
| 245 ## - بيان العنوان | |
| العنوان | ايها العقل .. من رآك/ |
| بيان المسئوليه,etc | عبدالله القصيمي |
| 250 ## - بيان الطبعة | |
| بيان الطبعة | ،ط2 |
| بقية بيان الطبعة | موسعة |
| 260 ## - PUBLICATION, DISTRIBUTION, ETC. (IMPRINT) | |
| مكان الناشر او الموزع | بيروت: |
| اسم الناشر او الموزع | مطابع دار الغد، |
| تاريخ النشر أو التوزيع | 1967 |
| 300 ## - الوصف المادى | |
| التعداد | 477 ؛ص |
| أبعاد الوعاء | 24 سم |
| 440 ## - | |
| -- | 16400 |
| 490 ## - بيان السلسلة | |
| -- | 16400 |
| عنوان السلسلة | ؛العالم ليس عقلا |
| -- | 3 |
| 511 ## - | |
| -- | Catalogued by: Sara |
| 541 ## - تبصرة المصدر المباشر للتزويد | |
| مصدر التزويد | الف باء |
| 650 ## - المدخل الاضافى بالموضوع-مصطلح موضوعى | |
| مصطلح موضوعي أو اسم جغرافي كعنصر مدخل | الفلسفة |
| 9 (RLIN) | 16209 |
| 942 ## - عناصر المدخل الإضافي( كوها) | |
| Koha [default] item type | Book - Borrowing |
| سابقة رقم الطلب | 100 ق ص ي |
| مصدر التصنيف او مخطط الترفيف | Dewey Decimal Classification |
| حالة التراجع | حالة الفقد | مصدر التصنيف او خطة الترفيف | حالة تلف | ليس للاعارة | مجموعات كوها | المكان الدائم | المكان الحالي | موقع الترفيف | تاريخ الاكتساب | Source of acquisition | رقم الاستدعاء | الباركود | Date last seen | نوع الوعاء |
|---|---|---|---|---|---|---|---|---|---|---|---|---|---|---|
| Dewey Decimal Classification | Alef-Baa | Central Library | Central Library | Lower Floor | 09/12/2007 | 100 ق ص ي | 000008463 | 15/07/2025 | Book - Borrowing |